|
|
|
|
| LEADER |
00000nam0a2200000 4500 |
| 001 |
675910 |
| 005 |
20241105102819.0 |
| 035 |
|
|
|a (RuTPU)RU\TPU\book\344906
|
| 090 |
|
|
|a 675910
|
| 100 |
|
|
|a 20241028d1960 km|y0rusy50 ca
|
| 101 |
0 |
|
|a rus
|
| 102 |
|
|
|a RU
|
| 105 |
|
|
|a a z 001zy
|
| 181 |
|
0 |
|a i
|b e
|
| 182 |
|
0 |
|a n
|
| 183 |
|
0 |
|a nc
|2 RDAcarrier
|
| 200 |
|
0 |
|a Вып. 23 : Зарубежные автомобили. Технико-экономический обзор
|g Центральный научно-исследовательский автомобильный и автомоторный институт (НАМИ) ; отв. ред. А. А. Липгарт
|f Г. И. Самоль
|
| 203 |
|
|
|a Текст
|b визуальный
|c непосредственный
|
| 210 |
|
|
|a Москва
|c Типография НАМИ
|d 1960
|
| 215 |
|
|
|a 99 с.
|c ил., табл.
|
| 283 |
|
|
|a volume
|
| 461 |
1 |
|
|0 676182
|9 676182
|c Москва
|d 1959-1976
|f Центральный научно-исследовательский автомобильный и автомоторный институт (НАМИ) ; отв. ред. А. А. Липгарт
|n Типография НАМИ
|n Машгиз
|o сборник научных статей
|t Труды Центрального научно-исследовательского автомобильного и автомоторного института (НАМИ)
|v Вып. 23 : Зарубежные автомобили. Технико-экономический обзор
|
| 606 |
|
|
|a Автомобили
|9 29789
|
| 610 |
1 |
|
|a зарубежные страны
|
| 610 |
1 |
|
|a легковые автомобили
|
| 610 |
1 |
|
|a возрастной состав
|
| 610 |
1 |
|
|a фирмы
|
| 610 |
1 |
|
|a продолжительность службы
|
| 610 |
1 |
|
|a модели
|
| 610 |
1 |
|
|a грузовые автомобили
|
| 610 |
1 |
|
|a прицепы
|
| 610 |
1 |
|
|a самосвальные автомобили
|
| 610 |
1 |
|
|a статистические данные
|
| 610 |
1 |
|
|a автобусы
|
| 610 |
1 |
|
|a производство
|
| 610 |
1 |
|
|a эволюция
|
| 610 |
1 |
|
|a двигатели
|
| 610 |
1 |
|
|a унификация
|
| 675 |
|
|
|a 621.892
|v 4
|
| 700 |
|
1 |
|a Самоль
|b Г. И.
|
| 702 |
|
1 |
|a Липгарт
|b А. А.
|4 340
|
| 712 |
0 |
2 |
|a Государственный научно-исследовательский автомобильный и автомоторный институт (НАМИ)
|c (Москва)
|c (1946-1957)
|3 (RuTPU)RU\TPU\col\13490
|
| 801 |
|
1 |
|a RU
|b 63413507
|c 20241028
|
| 801 |
|
2 |
|a RU
|b 63413507
|c 20241028
|g RCR
|
| 942 |
|
|
|c CR
|